| 000 | 00565nam a2200193 a 4500 | ||
|---|---|---|---|
| 005 | 20220622115248.0 | ||
| 008 | 991125s19711990mx 000 0 spa u | ||
| 020 | _a9684112203 | ||
| 035 | _aUPN01000041446 | ||
| 049 | _aCG | ||
| 050 | 4 |
_aF1235 _bP6.5 |
|
| 100 | 1 |
_aPoniatowska, Elena, _d1933- |
|
| 245 | 1 | 3 |
_aLa noche de Tlatelolco : _btestimonios de historia oral / _cElena Poniatowska. |
| 260 |
_aMéxico : _bEra, _c1971 (1990 impr.). |
||
| 300 |
_a282 p. : _bil. |
||
| 440 | 0 | _aCrónica | |
| 650 | 2 |
_aMovimientos estudiantiles _zMéxico _916912 |
|
| 905 | _aLibro | ||
| 999 |
_c41446 _d41446 |
||